| 000 | 01217nam0a2200313 4500 | ||
|---|---|---|---|
| 001 | RU\NLR\bibl\1695558 | ||
| 005 | 20250616055948.0 | ||
| 010 |
_a978-5-9973-0958-9 _950 |
||
| 021 |
_aRU _b2010-76069 _95063 |
||
| 035 | _a(nilc)RSL-KNO-004742328 | ||
| 035 | _a(NLR Aleph) 001686657 | ||
| 090 |
_a1134911 _c1134911 |
||
| 100 | _a20101004d2010 |||y0rusy50 ca | ||
| 101 | 0 | _arus | |
| 102 | _aRU | ||
| 105 | _ay ||||||||| | ||
| 200 | 1 |
_aПутешествие на этот свет _e[сборник рассказов] _fСергей Говоров |
|
| 210 |
_aМосква _cСпутник+ _d2010 |
||
| 215 |
_a155 с. _cпортр. _d21 |
||
| 327 | 1 | _aСодерж.: разд.: Горы далекие, горы туманные...; Странные приключения Максима Сергеевича и другие невероятные истории; Не только о любви | |
| 686 |
_aШ5(2=Р)75-644 _2rubbk |
||
| 686 | _aШ6(2=Р)8-440.5 | ||
| 700 | 1 |
_aГоворов _bС. С. _gСергей Сергеевич _4070 |
|
| 801 | 0 |
_aRU _bРГБ _c20101004 _grcr |
|
| 801 | 1 |
_aRU _bРГБ _c20101004 |
|
| 801 | 2 |
_aRU _bNLR _c20101109 _grcr |
|
| 942 | _cBOOK | ||
| 980 | _aNB | ||